Marketing

Connect Marketing’s assignments provide instant feedback and span the introduction of course concepts to their application and beyond, including iSeeit! concept animations, video cases, case analyses, data analytics exercises, and more. Contact your learning technology representative for a matrix li...

Fuld beskrivelse

Đã lưu trong:
Bibliografiske detaljer
Hovedforfatter: Grewal, Dhruv
Format: Bog
Sprog:Undetermined
Udgivet: Singapore Pearson 2016
Fag:
Tags: Tilføj Tag
Ingen Tags, Vær først til at tagge denne postø!
Thư viện lưu trữ: Trung tâm Học liệu Trường Đại học Cần Thơ
LEADER 00827nam a2200193Ia 4500
001 CTU_225262
008 210402s9999 xx 000 0 und d
082 |a 658.8 
082 |b G841 
100 |a Grewal, Dhruv 
245 0 |a Marketing 
245 0 |c Dhruv Grewal, Michael Levy. 
260 |a Singapore 
260 |b Pearson 
260 |c 2016 
520 |a Connect Marketing’s assignments provide instant feedback and span the introduction of course concepts to their application and beyond, including iSeeit! concept animations, video cases, case analyses, data analytics exercises, and more. Contact your learning technology representative for a matrix listing assignable assets by learning outcomes. 
650 |a Tiếp thị,Marketing 
910 |b vdbang 
980 |a Trung tâm Học liệu Trường Đại học Cần Thơ